| 000 | 00421nam a22001577a 4500 | ||
|---|---|---|---|
| 003 | BD-DhUIB | ||
| 005 | 20251013183832.0 | ||
| 008 | 251013b |||||||| |||| 00| 0 eng d | ||
| 040 |
_aBD-DhUIB _cBD-DhUIB |
||
| 050 | _a650.13 | ||
| 082 | _222 | ||
| 100 |
_aCloke, Kenneth. _91000 |
||
| 245 |
_aResolving conflicts at work: _bten strategies for everyone on the ..../ _cby Kenneth, Cloke. |
||
| 526 | _aBBA. | ||
| 942 |
_2ddc _cBK |
||
| 999 |
_c544 _d544 |
||